Το πλήρες περιβάλλον του Ελληνικού Office Professional 97

Saved in:
Bibliographic Details
Main Author: Aitken, Peter G. (Author)
Other Authors: Γκαγκάτσιου, Ελένη (trlf)
Format: Book
Language:Greek
English
Published: Αθήνα : Γκιούρδας, 1998.
Subjects:
Tags: Add Tag
No Tags, Be the first to tag this record!

MARC

LEADER 00000cam a2200000 i 4500
001 1/19788
008 010626s1998 gr | ||| ||| ||gre||
020 |a 9605200791  
035 |l 10066979 
040 |a GR-MyUA  |b gre  |e AACR2 
041 1 |a gre  |h eng 
082 0 |a 005.369 
245 1 3 |a Το πλήρες περιβάλλον του Ελληνικού Office Professional 97 /   |c Peter Aitken ... [κ.α]. ; απόδοση Ε. Γκαγκάτσιου.  
260 |a Αθήνα :   |b Γκιούρδας,   |c 1998.  
300 |a xxxi, 862 σ. ;   |c 24 εκ. 
500 |a Τίτλος πρωτοτύπου: Microsoft Office 97 Professional 6 in 1.  
504 |a Περιέχει ευρετήριο.  
630 0 0 |a Microsoft Office. 
630 0 0 |a Microsoft Word. 
630 0 0 |a Microsoft Excel (Computer file) 
630 0 0 |a Microsoft PowerPoint (Computer file) 
630 0 0 |a Microsoft Access. 
630 0 0 |a Microsoft Outlook. 
650 0 0 |a Word processing. 
650 0 0 |a Business  |x Computer programs. 
650 0 0 |a Electronic spreadsheets. 
650 0 0 |a Business presentations  |x Graphic methods  |x Computer programs. 
650 0 0 |a Time management  |x Computer programms. 
650 0 0 |a Personal information management  |x Computer programs. 
700 1 |a Aitken, Peter G.  |e aut 
700 1 |a Γκαγκάτσιου, Ελένη,  |e trlf 
852 |a INST  |b LESVOS  |e 20020129  |h 005.369 ΠΛΗ  |p 005100028473  |q 005100028473  |t BK  |y 0 
852 |a INST  |b SAMOS  |e 20010626  |h 005.369 ΠΛΗ  |p 005300020727  |q 005300020727  |t BK  |y 0 
852 |a INST  |b SAMOS  |e 20010626  |h 005.369 ΠΛΗ  |p 005300020728  |q 005300020728  |t BK  |y 0 
852 |a INST  |b SAMOS  |e 20010626  |h 005.369 ΠΛΗ  |p 005300020729  |q 005300020729  |t BK  |y 0 
901 |a BIBL3-2001-2 
901 |a BIBL1-2002-1 
909 |a Σ  |b 086677 
909 |a Σ  |b 086679 
909 |a Σ  |b 086678 
909 |a Λ  |b 093194 
970 |a ΠΟΥΡΝΑΡΑΣ  |b ΔΗΜΗΤΡΗΣ  |z 2001/06/26